[Event "FAHIJ II"]
[Site "SchemingMind.com"]
[Date "2023.12.30"]
[Round "-"]
[White "Archon"]
[Black "Steven DuCharme"]
[Result "1-0"]
[WhiteCountry "CAN"]
[BlackCountry "USA"]
[WhiteElo "1753"]
[WhiteRD "57"]
[BlackElo "1509"]
[BlackRD "51"]
[GameID "740673"]

1. d4 Nf6 2. Bf4 d6 3. e3 g6 4. Nd2 Bg7 5. h3 O-O 6. Ngf3 b6 7. Be2 Bb7 8. c4 Nbd7 9. O-O Re8 10. Rc1 Nf8
11. b4 Ne4 12. Nxe4 Bxe4 13. Ng5 Bb7 14. h4 h6 15. Nf3 e5 16. Bg3 exd4 17. exd4 a6 18. d5 Qe7 19. Re1 Qf6 20. Qd2 a5
21. a3 Qb2 22. Bf4 Qxa3 23. Bxh6 Qxb4 24. h5 Qxd2 25. Bxd2 gxh5 26. Nd4 h4 27. Nf5 Bf6 28. Bh5 Ng6 29. Nh6+ Kg7 30. Nf5+ Kh7
31. Nh6 Bg7 32. Nxf7
1-0

[Event "FAHIJ II"]
[Site "SchemingMind.com"]
[Date "2023.12.30"]
[Round "-"]
[White "Steven DuCharme"]
[Black "mmccaffe"]
[Result "0-1"]
[WhiteCountry "USA"]
[BlackCountry "USA"]
[WhiteElo "1509"]
[WhiteRD "51"]
[BlackElo "1864"]
[BlackRD "64"]
[GameID "740674"]

1. Nf3 Nf6 2. g3 d5 3. Bg2 e6 4. b3 Be7 5. Bb2 O-O 6. O-O c6 7. d3 Nbd7 8. Nbd2 b6 9. c4 Bb7 10. Re1 Rc8
11. a3 Rc7 12. e4 dxe4 13. Nxe4 Nxe4 14. dxe4 Qa8 15. Ne5 Rd8 16. Qc2 Nxe5 17. Bxe5 Rcd7 18. Bc3 c5 19. Rad1 Rxd1 20. Rxd1 Rxd1+
21. Qxd1 Bxe4 22. Bxe4 Qxe4 23. Qd7 Bf8 24. Qxa7 Qb1+ 25. Kg2 Qxb3 26. Be5 Qxc4 27. Qa8 Qd5+
0-1

[Event "FAHIJ II"]
[Site "SchemingMind.com"]
[Date "2023.12.30"]
[Round "-"]
[White "marandreo"]
[Black "Steven DuCharme"]
[Result "1-0"]
[WhiteCountry "ITA"]
[BlackCountry "USA"]
[WhiteElo "2247"]
[WhiteRD "191"]
[BlackElo "1509"]
[BlackRD "51"]
[GameID "740675"]

1. d4 Nf6 2. c4 e6 3. Nc3 b6 4. e4 Bb7 5. Bd3 Be7 6. f4 h6 7. Nf3 O-O 8. O-O Na6 9. e5 Nh7 10. Be3 f5
11. a3 c5 12. d5 exd5 13. cxd5 d6 14. Qc2 g6 15. g4 Bc8 16. e6
1-0

[Event "FAHIJ II"]
[Site "SchemingMind.com"]
[Date "2023.12.31"]
[Round "-"]
[White "Ronald R. Nurmi"]
[Black "Steven DuCharme"]
[Result "1-0"]
[WhiteCountry "USA"]
[BlackCountry "USA"]
[WhiteElo "1748"]
[WhiteRD "81"]
[BlackElo "1509"]
[BlackRD "51"]
[GameID "740676"]

1. d4 Nf6 2. c4 e6 3. Nf3 Bb4+ 4. Nbd2 O-O 5. a3 Bxd2+ 6. Qxd2 b6 7. e3 Bb7 8. Be2 Ne4 9. Qc2 d6 10. O-O Nd7
11. b4 f5 12. d5 exd5 13. Nd4 Ne5 14. f3 Nf6 15. Ne6
1-0

[Event "FAHIJ II"]
[Site "SchemingMind.com"]
[Date "2023.12.31"]
[Round "-"]
[White "Steven DuCharme"]
[Black "Aba"]
[Result "1/2-1/2"]
[WhiteCountry "USA"]
[BlackCountry "ISR"]
[WhiteElo "1563"]
[WhiteRD "52"]
[BlackElo "1724"]
[BlackRD "77"]
[GameID "740677"]

1. g3 e5 2. Bg2 d5 3. d3 Nf6 4. Nf3 Nc6 5. O-O Bf5 6. Bg5 Be7 7. a3 h6 8. Bc1 g5 9. b3 Qd7 10. Bb2 d4
11. e4 dxe3 12. fxe3 Bd6 13. Nbd2 O-O-O 14. Kh1 Rdg8 15. e4 Bg4 16. Nc4 Bc5 17. Ncxe5 Nxe5 18. Nxe5 Qe6 19. Nxg4 Nxg4 20. Bxh8 Rxh8
21. Qf3 Ne3 22. Qxf7 Qe5 23. Rab1 Nxf1 24. Rxf1 g4 25. Qf5+ Qxf5 26. Rxf5 Bd6 27. a4 h5 28. e5 Be7 29. c3 Kd7 30. Bxb7 h4
31. Kg2 hxg3 32. hxg3 c6 33. Rf7 Ke6 34. Rxe7+ Kxe7 35. Bxc6 Rc8 36. Bd5 Rxc3 37. Bc4 Rc2+ 38. Kg1=
1/2-1/2

[Event "FAHIJ II"]
[Site "SchemingMind.com"]
[Date "2023.12.30"]
[Round "-"]
[White "Steven DuCharme"]
[Black "Phillip Beckett"]
[Result "1-0"]
[WhiteCountry "USA"]
[BlackCountry "ENG"]
[WhiteElo "1509"]
[WhiteRD "51"]
[BlackElo "1499"]
[BlackRD "52"]
[GameID "740678"]

1. g3 g6 2. Bg2 Bg7 3. c3 d6 4. d4 Nf6 5. Nf3 O-O 6. O-O Nbd7 7. Nbd2 Ne8 8. e4 e5 9. Nb3 exd4 10. cxd4 f5
11. Ng5 Ndf6 12. exf5 gxf5 13. d5 h6 14. Ne6 Bxe6 15. dxe6 Qe7 16. Bxb7 Rb8 17. Bc6 Kh7 18. Re1 Ne4 19. Bxe4 fxe4 20. Rxe4 Nf6
21. Re1 Rb5 22. Qd3+ Kh8 23. Qxb5
1-0

[Event "FAHIJ II"]
[Site "SchemingMind.com"]
[Date "2023.12.31"]
[Round "-"]
[White "Steven DuCharme"]
[Black "pmdpsp"]
[Result "1/2-1/2"]
[WhiteCountry "USA"]
[BlackCountry "GER"]
[WhiteElo "1509"]
[WhiteRD "51"]
[BlackElo "1667"]
[BlackRD "72"]
[GameID "740679"]

1. c4 e5 2. Nc3 Nf6 3. g3 Nc6 4. Bg2 Bc5 5. e3 O-O 6. Nge2 d6 7. O-O Nb4 8. d4 exd4 9. Nxd4 d5 10. Nb3 Qe7
11. Nxc5 Qxc5 12. a3 Na6 13. Nxd5 Nxd5 14. cxd5 Rd8 15. Qd4 Qxd4 16. exd4 Bg4 17. f3 Bf5 18. Be3 Bd3 19. Rfd1 Bc2 20. Rdc1 Bb3
21. f4 Bxd5 22. Bxd5 Rxd5 23. b4 Re8 24. Kf2 c6 25. Rab1 Nc7 26. Rc5 f6 27. Rbc1 Kf7 28. Kf3 Red8 29. f5 Na6 30. Rxd5 Rxd5
31. Ke4 g6 32. g4 Nc7 33. h4 Ne8 34. Rc5 gxf5+ 35. Kf4 fxg4 36. Kxg4 Nd6 37. a4 a5 38. Rxd5 cxd5 39. Bd2 Nc4 40. Bc3 b5
41. bxa5 bxa4 42. Kf5 a3 43. h5 Nd6+ 44. Kf4 a2 45. a6 Nb5 46. Bb2 Kg7 47. Kf5 Kh6 48. Kxf6 Kxh5 49. Kf5 Kh4 50. Kf4 h5
51. Kf3 Kh3 52. Kf2 Kh2=
1/2-1/2

[Event "FAHIJ II"]
[Site "SchemingMind.com"]
[Date "2023.12.31"]
[Round "-"]
[White "malcolm chugg"]
[Black "Steven DuCharme"]
[Result "1/2-1/2"]
[WhiteCountry "WLS"]
[BlackCountry "USA"]
[WhiteElo "1134"]
[WhiteRD "52"]
[BlackElo "1509"]
[BlackRD "51"]
[GameID "740680"]

1. e3 c5 2. d3 d5 3. d4 c4 4. Ne2 Nf6 5. Nec3 g6 6. Be2 Bg7 7. O-O O-O 8. Nd2 Re8 9. f4 e6 10. b3 Ne4
11. Ncxe4 dxe4 12. Nxe4 f5 13. Ng3 cxb3 14. cxb3 a6 15. Bd2 b5 16. Bf3 Ra7 17. Qc2 Bb7 18. Qd1 Nd7 19. Bxb7 Rxb7 20. Qe1 Nb6
21. Ba5 Qd7 22. Bxb6 Rxb6 23. Qa5 Reb8 24. Rfc1 b4 25. Rc5 Bf8 26. Rc2 Qb5 27. Qxb5 Rxb5 28. e4 Be7 29. exf5 gxf5 30. Re1 Kf7
31. Rce2 R8b6 32. Re5 Rxe5 33. dxe5 Bc5+ 34. Kh1 Bf2 35. Re2 Bxg3 36. hxg3 Rc6 37. Kg1 Rc3 38. Kf2 a5 39. Rb2 Kg6 40. Rd2 h5
41. Re2 a4 42. bxa4 Ra3 43. Kg1 Rxa4 44. Rb2 Kg7=
1/2-1/2

[Event "FAHIJ II"]
[Site "SchemingMind.com"]
[Date "2023.12.31"]
[Round "-"]
[White "Steven DuCharme"]
[Black "Chessibelle"]
[Result "1-0"]
[WhiteCountry "USA"]
[BlackCountry "ENG"]
[WhiteElo "1509"]
[WhiteRD "51"]
[BlackElo "1055"]
[BlackRD "56"]
[GameID "740681"]

1. Nf3 d6 2. d4 f5 3. e3 Bd7 4. Be2 Nf6 5. O-O h6 6. b3 e6 7. Bb2 b6 8. Nbd2 g5 9. a4 Be7 10. c4 Nc6
11. d5 exd5 12. cxd5 Nb4 13. Bc4 c6 14. dxc6 Nxc6 15. Bxf6 Bxf6 16. Nd4 Be7 17. Qh5+
1-0

[Event "FAHIJ II"]
[Site "SchemingMind.com"]
[Date "2023.12.31"]
[Round "-"]
[White "Steven DuCharme"]
[Black "eliecercruzr"]
[Result "0-1"]
[WhiteCountry "USA"]
[BlackCountry "CUB"]
[WhiteElo "1509"]
[WhiteRD "51"]
[BlackElo "2292"]
[BlackRD "59"]
[GameID "740683"]

1. d4 Nf6 2. g3 d5 3. Bg2 c5 4. Nf3 cxd4 5. Nxd4 e5 6. Nb3 a5 7. a4 Bb4+ 8. c3 Be7 9. Bg5 Nbd7 10. O-O h6
11. Bxf6 Nxf6 12. N1d2 Be6 13. Nc1 O-O 14. Nd3 Qc7 15. e4 Nxe4 16. Nxe4 dxe4 17. Bxe4 Rad8 18. Qc2 f5 19. Bg2 Bd6 20. Rad1 e4
21. Ne1 Qf7 22. Qc1 Bc4
0-1

[Event "FAHIJ II"]
[Site "SchemingMind.com"]
[Date "2023.12.30"]
[Round "-"]
[White "Archon"]
[Black "marandreo"]
[Result "0-1"]
[WhiteCountry "CAN"]
[BlackCountry "ITA"]
[WhiteElo "1753"]
[WhiteRD "57"]
[BlackElo "2247"]
[BlackRD "191"]
[GameID "740685"]

1. d4 Nf6 2. Bf4 c5 3. dxc5 Na6 4. Nc3 Nxc5 5. f3 Ne6 6. Bg3 g6 7. Qd2 Bg7 8. e4 a6 9. Bc4 d6 10. Nge2 O-O
11. h4 b5 12. Bxe6 Bxe6 13. Nf4 Bh6 14. Qd4 Bc4 15. h5 e5
0-1

[Event "FAHIJ II"]
[Site "SchemingMind.com"]
[Date "2023.12.30"]
[Round "-"]
[White "Chessibelle"]
[Black "Archon"]
[Result "0-1"]
[WhiteCountry "ENG"]
[BlackCountry "CAN"]
[WhiteElo "1055"]
[WhiteRD "56"]
[BlackElo "1753"]
[BlackRD "57"]
[GameID "740686"]

1. Nf3 d5 2. d4 Nf6 3. e3 c5 4. Bd2 e6 5. g3 Nc6 6. Bc3 Be7 7. Be2 O-O 8. O-O Bd7 9. a3 Qc7 10. Nbd2 cxd4
11. exd4 a5 12. Nb3 Ne4 13. Be1 Qb6 14. Bd3 a4 15. Nbd2 e5 16. Nxe4 dxe4 17. Bxe4 exd4 18. Bd3 Bg4 19. Be2 Bh3 20. Qd3 Bxf1
21. Bxf1 Bf6 22. h4 Rfe8 23. Rb1 Rad8 24. b3 h6 25. Qf5 axb3 26. Bd3 Kf8 27. Rxb3 Qc7 28. Qh7 g6 29. Qxh6+ Bg7 30. Qd2 Kg8
31. Ng5 Qe7 32. Nf3 Ne5 33. Ng5 Nxd3 34. Rxd3 Qxe1+ 35. Kg2 Qxd2 36. Rxd2 Bh6 37. Rd1 Bxg5 38. hxg5 Re2 39. Rd3 Rxc2 40. Rb3 Rc3
41. Rxb7 Rxa3 42. Rxf7 Kxf7
0-1

[Event "FAHIJ II"]
[Site "SchemingMind.com"]
[Date "2023.12.31"]
[Round "-"]
[White "eliecercruzr"]
[Black "Archon"]
[Result "1-0"]
[WhiteCountry "CUB"]
[BlackCountry "CAN"]
[WhiteElo "2292"]
[WhiteRD "59"]
[BlackElo "1753"]
[BlackRD "57"]
[GameID "740687"]

1. e4 c5 2. Nf3 d6 3. d4 cxd4 4. Nxd4 Nf6 5. Nc3 a6 6. Be3 e5 7. Nb3 Be6 8. Qd2 Nbd7 9. f4 Rc8 10. O-O-O b5
11. Kb1 Be7 12. f5 Bxb3 13. axb3 O-O 14. Be2 Qa5 15. Nd5 Qd8 16. Nxe7+ Qxe7 17. Qxd6
1-0

[Event "FAHIJ II"]
[Site "SchemingMind.com"]
[Date "2023.12.30"]
[Round "-"]
[White "Archon"]
[Black "mmccaffe"]
[Result "1-0"]
[WhiteCountry "CAN"]
[BlackCountry "USA"]
[WhiteElo "1753"]
[WhiteRD "57"]
[BlackElo "1864"]
[BlackRD "64"]
[GameID "740688"]

1. d4 Nf6 2. Bf4 e6 3. e3 d5 4. Nd2 Be7 5. Bd3 O-O 6. Ngf3 Nbd7 7. c3 b6 8. Ne5 Bb7 9. Qf3 c5 10. Qh3 g6
11. Ndf3 Ne4 12. Qh6 Ng5 13. Nxg5 Bxg5 14. Bxg5 f6 15. Nxg6 fxg5 16. Nxf8 Nxf8 17. h4 g4 18. Qg5+ Qxg5 19. hxg5 e5 20. Bf5 exd4
21. exd4 Re8+ 22. Kd2 Ng6 23. Bxg6 hxg6 24. Rae1 Rf8 25. Ke2 Ba6+ 26. Ke3 cxd4+ 27. cxd4 Re8+ 28. Kd2 Rf8 29. f3 gxf3 30. gxf3 Rxf3
31. Re7 Rf2+ 32. Kc1 Rf4 33. Rxa7
1-0

[Event "FAHIJ II"]
[Site "SchemingMind.com"]
[Date "2023.12.30"]
[Round "-"]
[White "marandreo"]
[Black "mmccaffe"]
[Result "1-0"]
[WhiteCountry "ITA"]
[BlackCountry "USA"]
[WhiteElo "2275"]
[WhiteRD "179"]
[BlackElo "1841"]
[BlackRD "67"]
[GameID "740689"]

1. d4 Nf6 2. c4 e6 3. Nc3 Bb4 4. Qc2 O-O 5. a3 Bxc3+ 6. Qxc3 b6 7. Bg5 Bb7 8. f3 h6 9. Bh4 d5 10. e3 Nbd7
11. cxd5 Nxd5 12. Bxd8 Nxc3 13. Bh4 Nd5 14. Kf2 Rac8 15. e4 Nf4 16. Bg3 Ng6 17. h4 c5 18. h5 Ne7 19. Bd6 Rfe8 20. Bb5 Bc6
21. Ba6 Rcd8 22. Bc7 Ra8 23. Ne2 Nb8 24. Bd3 Nd7 25. Rac1 Rac8 26. Bg3 cxd4 27. Nxd4 Bb7 28. Bb5 Red8 29. Bc7
1-0

[Event "FAHIJ II"]
[Site "SchemingMind.com"]
[Date "2023.12.30"]
[Round "-"]
[White "mmccaffe"]
[Black "Phillip Beckett"]
[Result "1/2-1/2"]
[WhiteCountry "USA"]
[BlackCountry "ENG"]
[WhiteElo "1864"]
[WhiteRD "64"]
[BlackElo "1499"]
[BlackRD "52"]
[GameID "740690"]

1. d4 d5 2. c4 e6 3. Nf3 Nf6 4. g3 Be7 5. Bg2 c6 6. Qc2 Nbd7 7. O-O O-O 8. Bf4 dxc4 9. Qxc4 Nb6 10. Qc2 Nbd5
11. Nbd2 Nxf4 12. gxf4 Nd5 13. e3 Bd7 14. Ne5 f6 15. Nxd7 Qxd7 16. Bh3 f5 17. Nc4 Rf6 18. Ne5 Qe8 19. Bg2 Bd6 20. Bxd5 cxd5
21. Rac1 Rf8 22. Qb3 Bxe5 23. fxe5 Qd7 24. Rc3 Rac8 25. Rfc1 Rxc3 26. Qxc3 Rd8 27. Qc7 Kf7 28. Kf1 Ke7 29. Ke2 Qxc7 30. Rxc7+ Rd7
31. Rxd7+=
1/2-1/2

[Event "FAHIJ II"]
[Site "SchemingMind.com"]
[Date "2023.12.30"]
[Round "-"]
[White "mmccaffe"]
[Black "pmdpsp"]
[Result "1-0"]
[WhiteCountry "USA"]
[BlackCountry "GER"]
[WhiteElo "1864"]
[WhiteRD "64"]
[BlackElo "1667"]
[BlackRD "72"]
[GameID "740691"]

1. d4 g6 2. c4 Bg7 3. Nc3 Nf6 4. e4 O-O 5. f3 d6 6. Be3 Bd7 7. Qd2 Na6 8. Nge2 c5 9. d5 e6 10. Ng3 Re8
11. Be2 Rb8 12. O-O-O exd5 13. Nxd5 b5 14. b3 Nxd5 15. Qxd5 Qf6 16. e5 Nb4 17. exf6 Nxd5 18. Rxd5 Bf8 19. Bf4 Be6 20. Rd2 bxc4
21. Bxc4 Bxc4 22. bxc4 Rb4 23. Rc2 Reb8 24. Kd2 Rb2 25. Rc1 R8b4 26. Rxb2 Rxb2+ 27. Rc2 Rb4 28. Kc3 d5 29. Bd2 Rxc4+ 30. Kb2 Ra4
31. Rc1 Ra6 32. Re1 Rxf6 33. Re8 Re6 34. Rxe6 fxe6 35. Ne2 Bd6 36. Bf4 Bxf4 37. Nxf4 Kf7 38. Nd3 c4 39. Ne5+ Ke8 40. Kc3 a5
41. Nxc4 dxc4 42. Kxc4 Kd7 43. Kb5 a4 44. Kxa4 Kc6 45. Kb4 e5 46. a4 h5 47. h4 Kb6 48. a5+ Ka6 49. Ka4 Kb7 50. Kb5 Ka8
51. Kb6 Kb8 52. a6 Ka8 53. Kc5
1-0

[Event "FAHIJ II"]
[Site "SchemingMind.com"]
[Date "2023.12.31"]
[Round "-"]
[White "malcolm chugg"]
[Black "mmccaffe"]
[Result "0-1"]
[WhiteCountry "WLS"]
[BlackCountry "USA"]
[WhiteElo "1134"]
[WhiteRD "52"]
[BlackElo "1864"]
[BlackRD "64"]
[GameID "740692"]

1. e3 Nf6 2. d4 g6 3. Nc3 Bg7 4. Bd2 O-O 5. Qf3 d6 6. h3 Nbd7 7. O-O-O c5 8. Bc4 a6 9. d5 Ne5 10. Qe2 Nxc4
11. Qxc4 b5 12. Qf1 b4 13. Nce2 Bd7 14. c4 bxc3 15. Bxc3 Rb8 16. Ng3 Qb6 17. Rd2 a5 18. Qe2 a4 19. Rc2 Rfc8 20. Nf3 Nxd5
21. e4 Nxc3 22. bxc3 a3 23. Kd2 Ba4 24. Rcc1 Qa5 25. Rhd1 Rb2+ 26. Rc2 Rxc2+ 27. Ke1 Rxe2+ 28. Nxe2 Bxd1 29. Kxd1 Bxc3 30. Nxc3 Qxc3
0-1

[Event "FAHIJ II"]
[Site "SchemingMind.com"]
[Date "2023.12.30"]
[Round "-"]
[White "mmccaffe"]
[Black "Chessibelle"]
[Result "1-0"]
[WhiteCountry "USA"]
[BlackCountry "ENG"]
[WhiteElo "1864"]
[WhiteRD "64"]
[BlackElo "1055"]
[BlackRD "56"]
[GameID "740693"]

1. d4 d5 2. c4 Nf6 3. Nc3 g6 4. cxd5 Nxd5 5. e4 e6 6. exd5 exd5 7. Nf3 h6 8. Bd3 Be7 9. O-O Nc6 10. Re1 O-O
11. Bxh6 Re8 12. Qc2 f5 13. Re2 a6 14. Rae1 Qd6 15. Ng5 Nb4 16. Qd2 c5 17. dxc5 Qxc5 18. Ne6 Qd6 19. Bb1 Bd7 20. Bf4 Qb6
21. Nc7 Nc6 22. Nxa8 Rxa8 23. Nxd5 Qd8 24. Nxe7+ Nxe7 25. Rxe7 b5 26. Qd5+ Kf8 27. Qf7#
1-0

[Event "FAHIJ II"]
[Site "SchemingMind.com"]
[Date "2023.12.31"]
[Round "-"]
[White "mmccaffe"]
[Black "eliecercruzr"]
[Result "0-1"]
[WhiteCountry "USA"]
[BlackCountry "CUB"]
[WhiteElo "1864"]
[WhiteRD "64"]
[BlackElo "2292"]
[BlackRD "59"]
[GameID "740694"]

1. d4 Nf6 2. c4 e6 3. Nc3 Bb4 4. e3 O-O 5. Bd3 d5 6. Nf3 dxc4 7. Bxc4 c5 8. O-O cxd4 9. exd4 Nc6 10. a3 Bd6
11. Bg5 h6 12. Bh4 Be7 13. Bxf6 Bxf6 14. d5 exd5 15. Bxd5 Qb6 16. Bxc6 bxc6 17. Rb1 Bf5 18. Rc1 Qxb2
0-1

[Event "FAHIJ II"]
[Site "SchemingMind.com"]
[Date "2023.12.31"]
[Round "-"]
[White "Chessibelle"]
[Black "marandreo"]
[Result "0-1"]
[WhiteCountry "ENG"]
[BlackCountry "ITA"]
[WhiteElo "1055"]
[WhiteRD "56"]
[BlackElo "2247"]
[BlackRD "191"]
[GameID "740696"]

1. Nf3 c5 2. c4 Nf6 3. e3 e6 4. g3 d5 5. Nc3 d4 6. Ne2 Nc6 7. b3 e5 8. Bg2 e4 9. Ng5 Bf5 10. h4 Ne5
11. O-O h6 12. Nh3 Qd7 13. Kh2 Bg4 14. Re1 d3 15. Bb2 dxe2 16. Qc2 Nd3 17. Nf4 Nxe1 18. Qc3 Nxg2 19. Nxg2 O-O-O 20. a4 Qxd2
21. Rc1 Qxc3 22. Rxc3 Bf3 23. Nf4 Ng4+ 24. Kg1 Rd1#
0-1

[Event "FAHIJ II"]
[Site "SchemingMind.com"]
[Date "2023.12.31"]
[Round "-"]
[White "Ronald R. Nurmi"]
[Black "Archon"]
[Result "0-1"]
[WhiteCountry "USA"]
[BlackCountry "CAN"]
[WhiteElo "1748"]
[WhiteRD "81"]
[BlackElo "1753"]
[BlackRD "57"]
[GameID "740697"]

1. d4 Nf6 2. c4 g6 3. Nc3 Bg7 4. e4 d6 5. Nf3 O-O 6. Be2 Nc6 7. d5 Nb8 8. O-O Nbd7 9. Be3 e5 10. Nd2 Ne8
11. b4 f5 12. f3 f4 13. Bf2 Nef6 14. c5 Rf7 15. cxd6 cxd6 16. Nb5 Nf8 17. Nxa7 g5 18. Nb5 h5 19. Nc3 g4 20. fxg4 hxg4
21. Re1 Nh5 22. Bxg4 Ng3 23. Bxc8 Rxc8 24. Rc1 Ng6 25. hxg3 fxg3 26. Bxg3 Qb6+ 27. Bf2 Qxf2+ 28. Kh1 Bf6 29. Rf1 Rh7+
0-1

[Event "FAHIJ II"]
[Site "SchemingMind.com"]
[Date "2023.12.30"]
[Round "-"]
[White "mmccaffe"]
[Black "Ronald R. Nurmi"]
[Result "1-0"]
[WhiteCountry "USA"]
[BlackCountry "USA"]
[WhiteElo "1841"]
[WhiteRD "67"]
[BlackElo "1728"]
[BlackRD "81"]
[GameID "740698"]

1. d4 d5 2. c4 c6 3. Nf3 Nf6 4. Nc3 dxc4 5. a4 Bf5 6. Ne5 Nbd7 7. Nxc4 Nb6 8. Ne5 a5 9. h4 e6 10. f3 Be7
11. e4 Nh5 12. Be3 Ng3 13. Rh2 f6 14. exf5 fxe5 15. fxe6 Nxf1 16. Kxf1 exd4 17. Bxd4 O-O 18. Bxb6 Qxb6 19. h5 Qxb2 20. Ne4 Rfd8
21. Qe1 Bb4 22. Rb1 Bxe1 23. Rxb2 Bb4 24. f4 b5 25. axb5 cxb5 26. h6 g6 27. g4 Ra7 28. f5 gxf5 29. gxf5 Kh8 30. Rhg2 Rf8
31. f6
1-0

[Event "FAHIJ II"]
[Site "SchemingMind.com"]
[Date "2023.12.31"]
[Round "-"]
[White "Ronald R. Nurmi"]
[Black "marandreo"]
[Result "0-1"]
[WhiteCountry "USA"]
[BlackCountry "ITA"]
[WhiteElo "1728"]
[WhiteRD "81"]
[BlackElo "2275"]
[BlackRD "179"]
[GameID "740699"]

1. d4 Nf6 2. c4 g6 3. g3 d5 4. cxd5 Nxd5 5. e4 Nb6 6. Bg2 Bg7 7. Ne2 c5 8. d5 O-O 9. O-O Na6 10. Nbc3 e6
11. Nf4 exd5 12. Nfxd5 Nb4 13. Be3 N6xd5 14. Nxd5 b6 15. Qd2 Re8 16. Rfd1 Bg4 17. f3 Nxd5 18. exd5 Bf5 19. Bf2 Qd6 20. Rac1 Rac8
21. f4 Be4 22. b3 Bxg2 23. Kxg2 Bd4 24. Bxd4 Qxd5+ 25. Kg1 cxd4 26. Rxc8 Rxc8 27. Qxd4 Qxd4+ 28. Rxd4 Rc1+ 29. Kg2 Rc2+ 30. Kh3 Rxa2
31. Rd7 a6 32. Rb7 b5 33. Rb6 h5 34. b4 Kg7 35. Rb7 Rb2 36. Rb6 Rxb4 37. Rxa6 Rb2 38. Rb6 b4 39. Rc6 b3 40. Rb6 Kf8
0-1

[Event "FAHIJ II"]
[Site "SchemingMind.com"]
[Date "2023.12.30"]
[Round "-"]
[White "Phillip Beckett"]
[Black "Ronald R. Nurmi"]
[Result "0-1"]
[WhiteCountry "ENG"]
[BlackCountry "USA"]
[WhiteElo "1499"]
[WhiteRD "52"]
[BlackElo "1748"]
[BlackRD "81"]
[GameID "740700"]

1. d4 d5 2. e3 Nf6 3. Bd3 c5 4. c3 Nc6 5. Nd2 e5 6. dxc5 Bxc5 7. Bc2 O-O 8. Ngf3 Bg4 9. h3 Be6 10. Nb3 Bd6
11. O-O Re8 12. Ng5 h6 13. Nxe6 Rxe6 14. Bf5 Re8 15. f4 exf4 16. exf4 Qb6+ 17. Kh1 Ne7 18. Bc2 Rac8 19. Nd4 Ne4 20. f5 Ng3+
21. Kg1 Nxf1 22. Qxf1 Nc6 23. Kh1 Nxd4 24. cxd4 Qxd4 25. Bb3 Qe5 26. Bf4 Qxf4 27. Qxf4 Bxf4
0-1

[Event "FAHIJ II"]
[Site "SchemingMind.com"]
[Date "2023.12.30"]
[Round "-"]
[White "pmdpsp"]
[Black "Ronald R. Nurmi"]
[Result "0-1"]
[WhiteCountry "GER"]
[BlackCountry "USA"]
[WhiteElo "1667"]
[WhiteRD "72"]
[BlackElo "1728"]
[BlackRD "81"]
[GameID "740701"]

1. g4 d5 2. c4 dxc4 3. Qa4+ c6 4. Qxc4 e5 5. Bg2 Bd6 6. Nf3 Be6 7. Qc3 Nd7 8. d3 Ngf6 9. O-O O-O 10. h3 Rc8
11. Na3 Nd5 12. Qd2 Nf4 13. Nc4 Bc7 14. b3 Nxg2 15. Kxg2 b5 16. Ne3 Re8 17. Bb2 Bd5 18. Nxd5 cxd5 19. e4 d4 20. Rac1 Bb6
21. Rxc8 Qxc8 22. Rc1 Qb8 23. Nh4 Rc8 24. Nf5 Rxc1 25. Qxc1 g6 26. Nh6+ Kf8 27. Ba3+ Kg7 28. g5 a6 29. Qc6 Qc7 30. Qd5 Nc5
31. f4 Nxd3 32. Kf1 Nxf4 33. Qd6 Qxd6 34. Bxd6 Nxh3 35. Bxe5+ Kf8 36. Bf6 d3 37. Ke1 Be3 38. Ng4 Bxg5 39. Bxg5 Nxg5 40. Nf2 Ke7
41. Kd2 Kd6 42. Kxd3 Ke5 43. a4 bxa4 44. bxa4 f5 45. exf5 gxf5 46. Kc4 Kd6 47. Kb4 Kc6 48. Ka5 Kb7 49. Nd3 h5 50. Nf2 f4
51. Nd3 f3
0-1

[Event "FAHIJ II"]
[Site "SchemingMind.com"]
[Date "2023.12.31"]
[Round "-"]
[White "Ronald R. Nurmi"]
[Black "malcolm chugg"]
[Result "1-0"]
[WhiteCountry "USA"]
[BlackCountry "WLS"]
[WhiteElo "1748"]
[WhiteRD "81"]
[BlackElo "1134"]
[BlackRD "52"]
[GameID "740702"]

1. d4 d5 2. c4 e6 3. Nf3 Bd6 4. Nc3 Qe7 5. c5 Bxc5 6. dxc5 Qxc5 7. e3 Bd7 8. Bd3 b5 9. b3 f6 10. O-O Qxc3
11. Rb1 Ne7 12. Bb2 Qa5 13. a3 b4 14. a4 e5 15. Be2 Nbc6 16. Rc1 Bg4 17. h3 Be6 18. Bb5 a6 19. Bxc6+ Bd7 20. Bxa8 c6
21. Bb7 Qb6 22. Bxa6 Qxa6 23. Qd2 Qa5 24. Rc2 e4 25. Nd4 O-O 26. Rfc1 f5 27. Nxc6 Bxc6 28. Rxc6 Nxc6 29. Rxc6 h6 30. Rd6 Rd8
31. Rxd8+ Qxd8 32. Qxb4 Kh7 33. Qb7 Qg8 34. Qxg7+ Qxg7 35. Bxg7
1-0

[Event "FAHIJ II"]
[Site "SchemingMind.com"]
[Date "2023.12.30"]
[Round "-"]
[White "Chessibelle"]
[Black "Ronald R. Nurmi"]
[Result "0-1"]
[WhiteCountry "ENG"]
[BlackCountry "USA"]
[WhiteElo "1049"]
[WhiteRD "58"]
[BlackElo "1728"]
[BlackRD "81"]
[GameID "740703"]

1. Nf3 g6 2. d4 Bg7 3. g3 Nf6 4. e3 O-O 5. Bd3 d5 6. b3 Bg4 7. Be2 Nbd7 8. c4 dxc4 9. Bxc4 Rc8 10. Be2 c6
11. O-O Ne4 12. Nbd2 Nc3 13. Qe1 Bh3 14. Bd3 Bxf1 15. Nxf1 Nd5 16. Bb2 N7f6 17. h4 h5 18. e4 Nc7 19. a4 e6 20. e5 Nfd5
21. Ba3 Re8 22. Qd1 a6 23. Bc1 Qe7 24. Ba3 Nb4 25. Be2 a5 26. Rc1 Ncd5 27. N1d2 c5 28. Bb2 cxd4 29. Bxd4 Nc6 30. Ng5 Nxd4
31. Bd3 Rxc1 32. Qxc1 Bxe5 33. Qe1 Bf6 34. Nde4 Bxg5 35. Nxg5 f6 36. Nh3 Nf3+ 37. Kf1 Nxe1
0-1

[Event "FAHIJ II"]
[Site "SchemingMind.com"]
[Date "2023.12.31"]
[Round "-"]
[White "eliecercruzr"]
[Black "Ronald R. Nurmi"]
[Result "1-0"]
[WhiteCountry "CUB"]
[BlackCountry "USA"]
[WhiteElo "2309"]
[WhiteRD "60"]
[BlackElo "1728"]
[BlackRD "81"]
[GameID "740704"]

1. e4 c6 2. d4 d5 3. Nc3 dxe4 4. Nxe4 Bf5 5. Ng3 Bg6 6. Nf3 e6 7. h4 h6 8. Ne5 Bh7 9. Bd3 Bxd3 10. Qxd3 Nd7
11. Bf4 Nxe5 12. Bxe5 Qa5+ 13. c3 Nf6 14. Ne4 Nxe4 15. Qxe4 Qd5 16. Qxd5 cxd5 17. h5 f6 18. Bf4 Be7 19. Kd2 Kf7 20. a4 a5
21. Rae1 Rad8 22. Kc2 Bd6 23. Bxd6 Rxd6 24. Re3 Rc6 25. Rd1 f5 26. Rg1 Rc4 27. g4 fxg4 28. Rxg4 Rxa4 29. Rf3+ Kg8 30. Rg6
1-0

[Event "FAHIJ II"]
[Site "SchemingMind.com"]
[Date "2023.12.30"]
[Round "-"]
[White "Archon"]
[Black "Aba"]
[Result "0-1"]
[WhiteCountry "CAN"]
[BlackCountry "ISR"]
[WhiteElo "1753"]
[WhiteRD "57"]
[BlackElo "1743"]
[BlackRD "74"]
[GameID "740706"]

1. d4 Nf6 2. Bf4 e6 3. e3 c5 4. Nd2 d5 5. c3 Nc6 6. Ngf3 Bd7 7. Bd3 c4 8. Bc2 Be7 9. Ne5 Nxe5 10. dxe5 Ng8
11. Qf3 h6 12. h4 Bxh4 13. Qg4 g5 14. Rxh4 gxh4 15. Qg7 Qe7 16. Qxh8 O-O-O 17. Qg7 b5 18. Qg4 f5 19. Qf3 Qg7 20. O-O-O Bc6
21. Qh5 Qxg2 22. Qxh4 Ne7 23. Bg3 Ng6 24. Qxh6 Nf8 25. Rh1 d4 26. Rh2 Qg1+ 27. Bd1 dxe3 28. Qxe3 Ng6 29. Qxa7 Qe1 30. Rh7 Qxd2+
0-1

[Event "FAHIJ II"]
[Site "SchemingMind.com"]
[Date "2023.12.30"]
[Round "-"]
[White "Aba"]
[Black "mmccaffe"]
[Result "0-1"]
[WhiteCountry "ISR"]
[BlackCountry "USA"]
[WhiteElo "1743"]
[WhiteRD "74"]
[BlackElo "1864"]
[BlackRD "64"]
[GameID "740707"]

1. e4 c5 2. Nf3 e6 3. d4 cxd4 4. Nxd4 Nc6 5. Nc3 Qc7 6. Ndb5 Qb8 7. Be3 Nf6 8. f4 a6 9. Nd4 Bb4 10. Qf3 d5
11. e5 Ne4 12. Nxc6 bxc6 13. Bd2 Nxd2 14. Kxd2 d4 15. Qxc6+ Bd7 16. Qc4 dxc3+ 17. bxc3 Be7 18. Bd3 O-O 19. Be4 Ra7 20. Rab1 Bb5
21. Qb3 Qb6 22. c4 Qf2+ 23. Kc1 Bd7 24. g3 Rc8 25. Bb7 Rb8
0-1